000 00292nam a2200133Ia 4500
008 221030s9999 xx 000 0 und d
041 _aEnglish
082 _a105.23
100 _aA. S. Godbole
245 0 _aOperating Systems
_cby A. S. Godbole
260 _c0
650 _aB
942 _cBK
999 _c13247
_d13247